Mutiara ma`rifat
| Main Authors: | , |
|---|---|
| Format: | Book |
| Published: |
Gerisek
Bintang Pelajar,
|
| Subjects: |
MARC
| LEADER | 00000cam a2200000 7i4500 | ||
|---|---|---|---|
| 001 | 0000009656 | ||
| 008 | 021119n | ||
| 090 | 0 | 0 | |a BP189.6 |b .L325 |
| 100 | 0 | |a Labib, M. Z. |e author | |
| 245 | 0 | 0 | |a Mutiara ma`rifat |c M. Z. Labib, Maftun Ahnan |
| 260 | 2 | |a Gerisek |b Bintang Pelajar, | |
| 300 | |a 984 p. |c 21 cm | ||
| 650 | 0 | |a Islam |x Doctrines | |
| 650 | 0 | |a Sufism | |
| 700 | 0 | |a Ahnan, Maftuh |e author | |
| 999 | |a 1000006908 |b Book |c OPEN SHELF (30 DAYS) |e Gong Badak Campus | ||
| 999 | |a 1000006909 |b Book |c OPEN SHELF (30 DAYS) |e Gong Badak Campus | ||